| 000 | 00493nam a2200181Ia 4500 | ||
|---|---|---|---|
| 003 | GCL | ||
| 008 | 140319s9999 xx 000 0 eng d | ||
| 040 |
_aGCL / _cGCL |
||
| 082 | 0 | 4 |
_a001.51 _bO O |
| 100 | 1 | _aONG, WALTER J. | |
| 245 | 1 | 0 |
_aORALITY AND LITERACY: THE TECHNOLOGIZING OF THE WORLD / _cONG, WALTER J. |
| 260 |
_a[S.N] : _bMETHUEN AND CO L T D ، _c1982 |
||
| 300 | _a201 P | ||
| 650 | 0 | 4 | _aWRITING |
| 650 | 0 | 4 | _aLANGUAGE - CULTURE |
| 650 | 0 | 4 | _aORAL TRADITION |
| 942 |
_2ddc _cBK |
||
| 999 |
_c24290 _d24290 |
||